Model finančného plánovania podniku : Bakalárska práca

Enregistré dans:
Détails bibliographiques
Auteur principal: Nižnanský, Andrej (Auteur)
Autres auteurs: Chynoradská Šefčíková, Miriam (xxx)
Format: Manuscrit Livre
Langue:slovaque
Publié: Trnava : STU v Bratislave MtF KPIM, 2006
Sujets:
Tags: Ajouter un tag
Pas de tags, Soyez le premier à ajouter un tag!

MARC

LEADER 00000ntm a22000003a 4500
001 stu129192
005 20160719155509.3
008 061103s2006----xo------------------slo-d
040 |a STU  |b slo 
041 0 |a slo 
044 |a xo 
100 1 |a Nižnanský, Andrej  |4 aut 
245 1 |a Model finančného plánovania podniku :  |b Bakalárska práca 
260 |a Trnava :  |b STU v Bratislave MtF KPIM,  |c 2006 
300 |a 51 s  |c 1 CD-ROM 
650 7 |a priemyselné inžinierstvo a manažment  |2 stusub 
650 7 |a finančné plánovanie  |2 stusub 
700 1 |a Chynoradská Šefčíková, Miriam  |4 xxx  |u M190  |U MTF Materiálovotechnologická fakulta  |T MTF Katedra priemyselného inžinierstva a manažmentu  |U M190  |Y 167 
996 |b 284M074581  |c M*BP-1905  |l MMSKP  |s P  |a 0  |w stu129192_0001